00970cam a22002777a 450000100090000000300050000900500170001400800410003101000170007202000180008903500240010704000300013104200140016105000220017508200110019710000220020824500700023024600660030025000130036626000360037930000410041550000200045652001560047665000380063270000220067016377753PILC20150603131458.0100805s2011 gaua f 001 0 eng d a 2010934281 a9789749823552 a(OCoLC)ocn752156506 aOSZcOSZdNGUdBTCTAdDLC alccopycat00aRT 51b.R266 200504a610.731 aRayfield, Sylvia.10aNursing made insanely easy! /cSylvia Rayfield , Loretta Manning.14aNursing made insanely easy :bremember what you learn forever a4th. ed. aDuluth, GA :bICAN Pub.,c2005. a333 pages :billustrations ;c21 cm. aIncludes index. aTransform the way you learn... make it easy! Engage your whole brain. Accelerate learning with images. Simplify difficult concepts. Yes, you can do it! 0aNursingvHandbooks, manuals, etc.1 aManning, Loretta.